[Event "IECG CN.2001.0.00254"]
[Site "IECG email"]
[Date "2001.07.08"]
[Round "?"]
[White "Samartzis, John"]
[Black "Venturas, Bob"]
[Result "1-0"]
[WhiteElo "800"]
[BlackElo "570"]
[PlyCount "57"]
[EventDate "2001.07.08"]
[EventType "tourn (corr)"]
[EventRounds "6"]
[SourceTitle "Corr 2008"]
[Source "ChessBase"]
[SourceDate "2008.06.24"]
[SourceVersion "1"]
[SourceVersionDate "2008.06.24"]
[SourceQuality "1"]

1. c4 d5 2. cxd5 Nf6 3. Nc3 Nxd5 4. Nf3 Nc6 5. Qb3 Be6 6. Nxd5 Bxd5 7. Qa4 h6 8. e4 Be6 9. d4 Bd7 10. Qb3 Qc8 11. Bd3 Bg4 12. d5 Bxf3 13. dxc6 bxc6 14. gxf3 e5 15. Be3 Rb8 16. Qc2 Bb4+ 17. Ke2 Qb7 18. f4 exf4 19. Bxf4 0-0 20. Rhg1 c5 21. Bxh6 g6 22. e5 Rfe8 23. Bxg6 Rxe5+ 24. Be4+ Kh8 25. Bg7+ Kg8 26. Bxe5+ Kf8 27. Bg7+ Ke8 28. Bxb7 Rxb7 29. Qe4+ 1-0

[Event "IECG CP.2001.P.00064"]
[Site "IECG email"]
[Date "2000.10.01"]
[Round "?"]
[White "Lacoste, Alain"]
[Black "Samartzis, John"]
[Result "1-0"]
[WhiteElo "2005"]
[BlackElo "800"]
[PlyCount "55"]
[EventDate "2001.10.01"]
[EventType "tourn (corr)"]
[EventRounds "6"]
[SourceTitle "Corr 2008"]
[Source "ChessBase"]
[SourceDate "2008.06.24"]
[SourceVersion "1"]
[SourceVersionDate "2008.06.24"]
[SourceQuality "1"]

1. d4 d5 2. Nf3 Nf6 3. g3 Bg4 4. Bg2 Qd7 5. Ne5 Qf5 6. h3 Bh5 7. g4 Qc8 8. gxh5 e6 9. Bg5 h6 10. Bxf6 gxf6 11. Ng4 Bg7 12. Nc3 Nd7 13. Qd3 f5 14. Ne3 Nb6 15. 0-0-0 Qd7 16. Qb5 c6 17. Qb4 0-0-0 18. Na4 Qc7 19. Nxb6+ axb6 20. Bf3 c5 21. dxc5 bxc5 22. Qa4 Rd6 23. Qa8+ Kd7 24. Qa3 Ra6 25. Qb3 Rha8 26. Bxd5 exd5 27. Nxd5 Qb8 28. Nb6+ 1-0